[Event "ICS rated blitz match"]
[Site "204.178.125.65"]
[Date "2000.09.12"]
[Round "?"]
[White "Colorado"]
[Black "Hossa"]
[Result "1-0"]
[WhiteElo "2625"]
[BlackElo "2538"]
[PlyCount "123"]
[EventDate "2000.??.??"]

1. e4 e5 2. Nf3 Nc6 3. Bb5 a6 4. Ba4 Nf6 5. O-O Be7 6. Re1 b5 7. Bb3 d6 8. c3
O-O 9. h3 Bb7 10. d4 Re8 11. Ng5 Rf8 12. Nf3 Re8 13. dxe5 Nxe5 14. Nxe5 dxe5
15. Qf3 c5 16. Nd2 c4 17. Bc2 Qc7 18. Nf1 Rad8 19. Ng3 a5 20. Nf5 Kh8 21. Bg5
Qb6 22. a4 bxa4 23. Bxa4 Bxe4 24. Rxe4 Nxe4 25. Bxe7 Qxb2 26. Re1 Rxe7 27. Qxe4
Re6 28. Bd7 Rf8 29. Bxe6 fxe6 30. Nd6 Qxf2+ 31. Kh1 Kg8 32. Qxe5 Rf6 33. Rb1
Qa7 34. Nxc4 h6 35. Nxa5 Qa6 36. Rb7 Qf1+ 37. Kh2 Rg6 38. Qe4 Kh7 39. Nc6 Qf5
40. Qxf5 exf5 41. Nd4 Rf6 42. c4 Kg6 43. c5 Rf8 44. c6 Rc8 45. c7 Kf6 46. Nb5
Ke6 47. Na7 Kd7 48. Nxc8 Kxc8 49. Ra7 f4 50. g3 f3 51. Kg1 Kd7 52. Kf2 Kc8 53.
Kxf3 g6 54. Kf4 Kd7 55. Ke5 h5 56. h4 g5 57. hxg5 h4 58. g6 hxg3 59. g7 Kc6 60.
c8=Q+ Kb6 61. Rb7+ Ka5 62. Qa8# {Hossa checkmated} 1-0

[Event "ICS rated blitz match"]
[Site "204.178.125.65"]
[Date "2000.09.12"]
[Round "?"]
[White "Hossa"]
[Black "Apeirone"]
[Result "1-0"]
[WhiteElo "2514"]
[BlackElo "2010"]
[PlyCount "27"]
[EventDate "2000.??.??"]

1. e4 e5 2. Nf3 Nf6 3. Nxe5 d6 4. Nxf7 Kxf7 5. d4 c5 6. dxc5 Nc6 7. Bc4+ Be6 8.
Bxe6+ Kxe6 9. O-O d5 10. e5 Nxe5 11. Be3 Qc7 12. Re1 Bxc5 13. f4 Bd4 14. Bxd4 {
Apeirone resigns} 1-0

[Event "ICS rated blitz match"]
[Site "204.178.125.65"]
[Date "2000.09.12"]
[Round "?"]
[White "QueenMaxima"]
[Black "Hossa"]
[Result "0-1"]
[WhiteElo "2587"]
[BlackElo "2516"]
[PlyCount "168"]
[EventDate "2000.??.??"]

1. d4 d5 2. c4 Nf6 3. cxd5 Bf5 4. Nc3 Nxd5 5. Qb3 Nxc3 6. bxc3 b6 7. Nf3 e6 8.
g3 Be7 9. Bg2 Be4 10. O-O Nc6 11. Bf4 O-O 12. Rad1 a6 13. c4 Re8 14. Qe3 Bxf3
15. Qxf3 Nxd4 16. Qd3 Bf6 17. e3 e5 18. Bxe5 Rxe5 19. exd4 Re8 20. Bxa8 Qxa8
21. Rfe1 Rd8 22. d5 Qc8 23. Re4 Bg5 24. Rde1 Bf6 25. Qe3 g5 26. h4 gxh4 27. Qf3
Bg7 28. Re7 Rf8 29. gxh4 Kh8 30. Qf4 Rg8 31. Kh2 c6 32. Rxf7 cxd5 33. cxd5 Qc3
34. Ree7 a5 35. h5 Qb4 36. Qg3 Qxe7 37. Rxe7 h6 38. d6 Bf6 39. Qf4 Bg7 40. Qd4
Bxd4 41. d7 Bc5 42. Re8 Bd6+ 43. Kh3 Bc7 44. f4 Kg7 45. Rc8 Bd8 46. Rc6 Kh7 47.
Rc8 b5 48. Rb8 b4 49. Rc8 Kg7 50. Rc6 a4 51. Ra6 a3 52. Rc6 Kh7 53. Rc8 Bf6 54.
Rc7 Rg7 55. Rb7 Bd8 56. Ra7 Kg8 57. Rb7 Kf8 58. Rxb4 Rxd7 59. Ra4 Be7 60. Ra6
Rd2 61. Rxh6 Rxa2 62. Ra6 Ra1 63. Kg4 a2 64. Kf5 Bc5 65. h6 Kg8 66. Ra8+ Kh7
67. Ra6 Be3 68. Ra4 Bxf4 69. Ra7+ Kxh6 70. Ra6+ Bd6 71. Rxd6+ Kh5 72. Ra6 Rf1+
73. Ke5 a1=Q+ 74. Rxa1 Rxa1 75. Kf4 Re1 76. Kf5 Re8 77. Kf4 Kg6 78. Kg4 Rf8 79.
Kg3 Kh5 80. Kh3 Rg8 81. Kh2 Kh4 82. Kh1 Kg3 83. Kg1 Rf8 84. Kh1 Rf1# {
QueenMaxima checkmated} 0-1

[Event "ICS rated blitz match"]
[Site "204.178.125.65"]
[Date "2000.09.12"]
[Round "?"]
[White "Hossa"]
[Black "gambitmaster"]
[Result "0-1"]
[WhiteElo "2535"]
[BlackElo "2560"]
[PlyCount "126"]
[EventDate "2000.??.??"]

1. e4 c5 2. Nf3 Nc6 3. Bb5 e6 4. O-O Nge7 5. b3 Ng6 6. Nc3 Bd6 7. d3 Nd4 8. Ba4
a6 9. Bb2 b5 10. Nxd4 cxd4 11. Nxb5 axb5 12. Bxb5 Qg5 13. a4 Qe5 14. g3 O-O 15.
f4 Qc5 16. Ra2 Qb6 17. e5 Bc5 18. h4 d6 19. h5 Ne7 20. h6 gxh6 21. Qh5 dxe5 22.
fxe5 Bb7 23. Bc1 Ng6 24. Bxh6 Rfc8 25. Re1 Bb4 26. Re2 Rc5 27. Bc4 Qc6 28. c3
Bxc3 29. Bf4 Qf3 30. Rh2 Qxh5 31. Rxh5 Bf3 32. Rg5 Rb8 33. Kf2 Bd1 34. Ra3 Kg7
35. Kg1 h6 36. Rxg6+ fxg6 37. Bxe6 g5 38. Ra2 gxf4 39. gxf4 Bxb3 40. Rg2+ Kh7
41. Bf5+ Kh8 42. Rh2 Kg7 43. Rg2+ Kf7 44. Bd7 Ra8 45. Bb5 Bxa4 46. Bxa4 Rxa4
47. Kh2 Ra3 48. Kg3 Ba5 49. Rh2 Rxd3+ 50. Kg4 Kg6 51. f5+ Kh7 52. Rb2 Rxe5 53.
Rb7+ Kh8 54. Kf4 Rde3 55. Kg4 R5e4+ 56. Kh5 Rh3+ 57. Kg6 Rg3+ 58. Kh5 Rg7 59.
Rb8+ Kh7 60. Rh8+ Kxh8 61. f6 Re5+ 62. Kh4 Be1+ 63. Kh3 Rh5# {Hossa checkmated}
0-1

[Event "ICS Rated standard match"]
[Site "204.178.125.65"]
[Date "2000.09.12"]
[Round "?"]
[White "Hossa"]
[Black "Ultima-Battle"]
[Result "1/2-1/2"]
[WhiteElo "2363"]
[BlackElo "2541"]
[PlyCount "132"]
[EventDate "2000.??.??"]

1. e4 Nf6 2. e5 Nd5 3. d4 d6 4. Nf3 g6 5. Bc4 Nb6 6. Bb3 Bg7 7. a4 a5 8. O-O
O-O 9. h3 Nc6 10. Qe2 dxe5 11. dxe5 Nd4 12. Nxd4 Qxd4 13. Re1 Bd7 14. Bg5 Qxb2
15. Ra2 Qd4 16. e6 Bxe6 17. Bxe6 fxe6 18. Qxe6+ Rf7 19. c3 Qc4 20. Qxc4 Nxc4
21. Kf1 e5 22. Nd2 Nd6 23. Ne4 h6 24. Nxd6 cxd6 25. Bd2 d5 26. Rb1 Raf8 27. Be1
e4 28. Re2 Rc8 29. Rb5 Rd7 30. Rd2 Rxc3 31. Rbxd5 Rxd5 32. Rxd5 Rc1 33. Ke2
Rc2+ 34. Kf1 Rc1 35. Ke2 Rc2+ 36. Kf1 Rc1 37. Ke2 Ra1 38. Bxa5 Rxa4 39. Bd2 Rc4
40. Rd7 b5 41. Rd8+ Kf7 42. Rd7+ Kg8 43. Rd8+ Kf7 44. Rd7+ Kf8 45. Rb7 Rc2 46.
Rxb5 Bc3 47. Rd5 Kf7 48. Kd1 Rxd2+ 49. Rxd2 Bxd2 50. Kxd2 Ke6 51. g3 g5 52. Ke3
Ke5 53. g4 Kd5 54. f3 exf3 55. Kxf3 Kd4 56. Kg3 Ke3 57. h4 Ke4 58. hxg5 hxg5
59. Kh3 Kf4 60. Kh2 Kxg4 61. Kg2 Kf4 62. Kf2 g4 63. Kg2 g3 64. Kg1 Kf3 65. Kh1
g2+ 66. Kg1 Kg3 {Hossa stalemated} 1/2-1/2

[Event "ICS rated blitz match"]
[Site "204.178.125.65"]
[Date "2000.09.12"]
[Round "?"]
[White "ELASSIOUTI"]
[Black "Hossa"]
[Result "1-0"]
[WhiteElo "2290"]
[BlackElo "2522"]
[PlyCount "139"]
[EventDate "2000.??.??"]

1. d4 d5 2. Nf3 Nf6 3. g3 e6 4. Bg2 c5 5. O-O cxd4 6. Nxd4 Nc6 7. Nxc6 bxc6 8.
c4 Bd6 9. Nc3 O-O 10. cxd5 cxd5 11. e4 Ba6 12. Re1 Bb4 13. exd5 Nxd5 14. Bd2
Bc5 15. Nxd5 exd5 16. Bc3 Qb6 17. Qd2 Rac8 18. Rad1 Bb7 19. Bd4 Bxd4 20. Qxd4
Qxd4 21. Rxd4 Rfd8 22. Red1 Rc2 23. Bxd5 Bxd5 24. Rxd5 Rxd5 25. Rxd5 g6 26. Ra5
Rc7 27. Ra6 Rd7 28. b4 Rb7 29. b5 Kf8 30. a4 Ke7 31. Kg2 h6 32. h4 h5 33. Kf3
Kd8 34. Kf4 Kc8 35. Kg5 Rd7 36. Kf6 Kd8 37. a5 Kc8 38. b6 axb6 39. Rxb6 Ra7 40.
a6 Rc7 41. Rb7 Rc6+ 42. Kxf7 Rxa6 43. Rb4 Kd7 44. Rf4 Rc6 45. Rf6 Rc8 46. Kxg6
Ke7 47. Rf5 Ke6 48. Rxh5 Rf8 49. Ra5 Rf6+ 50. Kg5 Rxf2 51. g4 Kd6 52. h5 Rf8
53. h6 Kc7 54. h7 Rh8 55. Kh6 Rd8 56. g5 Rd1 57. h8=Q Rh1+ 58. Kg7 Rd1 59. Qf8
Rd7+ 60. Qf7 Kb8 61. Ra8+ Kc7 62. Ra7+ Kb6 63. Qxd7 Kc5 64. Ra5+ Kc4 65. Qd5+
Kc3 66. Ra3+ Kb2 67. Qb3+ Kc1 68. Ra1+ Kd2 69. Ra2+ Ke1 70. Qb1# {
Hossa checkmated} 1-0

[Event "ICS rated blitz match"]
[Site "204.178.125.65"]
[Date "2000.09.12"]
[Round "?"]
[White "peteleco"]
[Black "Hossa"]
[Result "1/2-1/2"]
[WhiteElo "2133"]
[BlackElo "2511"]
[PlyCount "93"]
[EventDate "2000.??.??"]

1. d4 d5 2. c3 f5 3. Nf3 e6 4. Bg5 Be7 5. Bxe7 Nxe7 6. Nbd2 O-O 7. e3 Nd7 8.
Bd3 Ng6 9. Qc2 c5 10. O-O-O cxd4 11. exd4 Nf4 12. Bf1 Re8 13. g3 Ng6 14. h4 Nh8
15. Bd3 Nf6 16. Ne5 Nf7 17. Ndf3 Nxe5 18. Nxe5 Bd7 19. Kb1 Bc6 20. f3 Nd7 21.
Nxd7 Qxd7 22. g4 Ba4 23. b3 Bb5 24. Bxb5 Qxb5 25. gxf5 exf5 26. Rhg1 Qd7 27. h5
Rac8 28. h6 g6 29. f4 Re4 30. Rde1 Rxf4 31. Re5 Rf3 32. Rge1 Rfxc3 33. Qh2 Qc6
34. Qf4 Rc2 35. Re6 Qc3 36. Rxg6+ hxg6 37. h7+ Kxh7 38. Rh1+ Kg8 39. Rh8+ Kxh8
40. Qh6+ Kg8 41. Qxg6+ Kf8 42. Qf6+ Ke8 43. Qe6+ Kd8 44. Qd6+ Ke8 45. Qe6+ Kd8
46. Qd6+ Ke8 47. Qe6+ {Game drawn by repetition} 1/2-1/2

[Event "ICS rated standard match"]
[Site "204.178.125.65"]
[Date "2000.09.12"]
[Round "?"]
[White "Hossa"]
[Black "mid"]
[Result "1-0"]
[WhiteElo "2357"]
[BlackElo "1928"]
[PlyCount "53"]
[EventDate "2000.??.??"]

1. e4 c5 2. Nf3 d6 3. d4 cxd4 4. Nxd4 Nf6 5. Nc3 a6 6. Be2 e5 7. Nb3 Be7 8. O-O
O-O 9. Be3 Be6 10. Qd2 Nbd7 11. a4 Rc8 12. a5 Qc7 13. Rfd1 Nc5 14. Nxc5 dxc5
15. Nd5 Bxd5 16. exd5 Bd6 17. Ra3 Qe7 18. Bg5 h6 19. Bh4 g5 20. Bxg5 hxg5 21.
Qxg5+ Kh8 22. Rg3 Rg8 23. Rh3+ Nh7 24. Qf5 f6 25. Bd3 Rc7 26. Rxh7+ Qxh7 27.
Qxf6+ {mid resigns} 1-0

[Event "ICS Rated standard match"]
[Site "204.178.125.65"]
[Date "2000.09.13"]
[Round "?"]
[White "Hossa"]
[Black "mid"]
[Result "1/2-1/2"]
[WhiteElo "2361"]
[BlackElo "1924"]
[Annotator "Fritz 6 (22s)"]
[PlyCount "37"]
[EventDate "2000.??.??"]

1. e4 {C18: Franzoesische Verteidigung (Nimzowitsch-Variante)} 1... e6 2. d4 d5
3. Nc3 Bb4 4. e5 c5 5. a3 Bxc3+ 6. bxc3 Qa5 7. Bd2 Qa4 8. Nf3 Nc6 9. Qb1 c4 {
Raumgewinn} ({Nachteilig ist} 9... cxd4 10. Bb5 Qa5 11. cxd4 $16) 10. Be2 Nge7
11. O-O O-O 12. Nh4 Bd7 13. Qxb7 Rab8 14. Qxd7 Rfd8 15. Qc7 Rdc8 16. Qd6 Rd8
17. Qc7 Rbc8 18. Qb7 Rb8 19. Qc7 1/2-1/2

[Event "ICS rated standard match"]
[Site "204.178.125.65"]
[Date "2000.09.13"]
[Round "?"]
[White "mid"]
[Black "Hossa"]
[Result "0-1"]
[WhiteElo "1938"]
[BlackElo "2347"]
[PlyCount "64"]
[EventDate "2000.??.??"]

1. c4 e6 2. Nc3 g6 3. h4 d5 4. cxd5 exd5 5. d4 Nf6 6. Nf3 c6 7. a3 Bf5 8. Bg5
Bg7 9. e3 h6 10. Bxf6 Qxf6 11. b4 Nd7 12. Rc1 O-O 13. Bd3 Bg4 14. Be2 Qe7 15.
Qb3 Rfe8 16. Rd1 a6 17. g3 b5 18. O-O a5 19. Rfe1 axb4 20. axb4 Bf8 21. Rb1 Qd6
22. Kg2 Bf5 23. Rb2 Nb6 24. Ne5 Nc4 25. Nxc4 bxc4 26. Qd1 Reb8 27. b5 cxb5 28.
Rxb5 Rxb5 29. Nxb5 Qd7 30. Nc3 Bb4 31. Qd2 Ra3 32. Rc1 Qa7 {mid resigns} 0-1

[Event "ICS rated blitz match"]
[Site "204.178.125.65"]
[Date "2000.09.13"]
[Round "?"]
[White "Motoman"]
[Black "Hossa"]
[Result "1/2-1/2"]
[WhiteElo "2020"]
[BlackElo "2501"]
[PlyCount "44"]
[EventDate "2000.??.??"]

1. e4 e5 2. Nf3 Nc6 3. d4 exd4 4. Nxd4 Bc5 5. Nxc6 Qf6 6. Qd2 dxc6 7. Nc3 Be6
8. Na4 Rd8 9. Bd3 Bd4 10. O-O b5 11. c3 bxa4 12. cxd4 Qxd4 13. Rd1 Bg4 14. Re1
Qxd3 15. Qg5 Qe2 16. Be3 Qxb2 17. Qxg4 Nf6 18. Qxg7 Rg8 19. Qh6 Rg6 20. Qh4 Rg4
21. Qh6 Rg6 22. Qh4 Rg4 {Game drawn by mutual agreement} 1/2-1/2

[Event "ICS Rated standard match"]
[Site "204.178.125.65"]
[Date "2000.09.13"]
[Round "?"]
[White "Ultima-Battle"]
[Black "Hossa"]
[Result "1-0"]
[WhiteElo "2544"]
[BlackElo "2350"]
[PlyCount "157"]
[EventDate "2000.??.??"]

1. d4 Nf6 2. c4 e6 3. Nc3 Bb4 4. Qc2 c5 5. dxc5 O-O 6. a3 Bxc5 7. Nf3 Nc6 8.
Bg5 h6 9. Bxf6 Qxf6 10. e3 Bb6 11. Rd1 Qe7 12. Be2 d6 13. O-O Rd8 14. Rd2 f5
15. Rfd1 a6 16. b4 Bc7 17. e4 fxe4 18. Nxe4 Qf8 19. Bd3 e5 20. Nc3 Bg4 21. Be4
Bb6 22. Bd5+ Kh8 23. Qg6 Qf5 24. Qxf5 Bxf5 25. Bxc6 bxc6 26. Rxd6 Rdc8 27. Re1
Kh7 28. Ne4 Bd4 29. Nxd4 exd4 30. Rxd4 Bxe4 31. Rdxe4 a5 32. b5 cxb5 33. cxb5
Rc2 34. f3 Ra2 35. a4 Rc8 36. R1e2 Rc1+ 37. Kf2 Rca1 38. Rxa2 Rxa2+ 39. Kg3 Kg6
40. h4 Kf7 41. h5 Rc2 42. f4 Ra2 43. Kf3 Ra3+ 44. Kg4 Ra2 45. Kf3 Ra3+ 46. Kg4
Ra2 47. g3 Kf6 48. Kh3 Ra1 49. g4 Rg1 50. Rc4 Ra1 51. b6 Rh1+ 52. Kg3 Rg1+ 53.
Kf3 Rb1 54. Rc6+ Ke7 55. Rc7+ Ke6 56. Rxg7 Rb3+ 57. Ke2 Kd5 58. b7 Ke4 59. g5
hxg5 60. h6 Rb2+ 61. Kd1 gxf4 62. h7 Rb1+ 63. Kc2 Rb4 64. h8=Q Rc4+ 65. Kd2
Rd4+ 66. Ke1 Rb4 67. Qe8+ Kd4 68. b8=Q Rxb8 69. Qxb8 f3 70. Qf4+ Kc3 71. Qxf3+
Kd4 72. Qh5 Kc3 73. Qe2 Kb4 74. Rg4+ Kc5 75. Qe5+ Kb6 76. Rg6+ Kb7 77. Qe7+ Kc8
78. Rf6 Kb8 79. Rf8# {Hossa checkmated} 1-0

[Event "ICS rated blitz match"]
[Site "204.178.125.65"]
[Date "2000.09.13"]
[Round "?"]
[White "Hossa"]
[Black "Motoman"]
[Result "1-0"]
[WhiteElo "2487"]
[BlackElo "2032"]
[PlyCount "39"]
[EventDate "2000.??.??"]

1. d4 f5 2. Nc3 d5 3. Bg5 g6 4. Nf3 Bg7 5. e3 Nf6 6. Bd3 c6 7. O-O O-O 8. Bf4
Be6 9. Ng5 Bf7 10. Nxf7 Rxf7 11. f3 Nbd7 12. Re1 Nh5 13. Bg5 h6 14. Bh4 g5 15.
Bf2 Qe8 16. g4 fxg4 17. Bg6 Nhf6 18. e4 Qf8 19. e5 Nh7 20. Bxf7+ {
Motoman resigns} 1-0

[Event "ICS rated blitz match"]
[Site "204.178.125.65"]
[Date "2000.09.13"]
[Round "?"]
[White "Hossa"]
[Black "Motoman"]
[Result "1-0"]
[WhiteElo "2491"]
[BlackElo "2028"]
[PlyCount "55"]
[EventDate "2000.??.??"]

1. e4 c5 2. Nf3 e6 3. d4 cxd4 4. Nxd4 Nf6 5. Nc3 Nc6 6. Ndb5 d6 7. Bf4 e5 8.
Bg5 a6 9. Na3 b5 10. Bxf6 gxf6 11. Nd5 f5 12. exf5 Bxf5 13. c3 Bg7 14. Nc2 O-O
15. g3 Rc8 16. Nce3 Be6 17. a4 bxa4 18. Bxa6 Rb8 19. Qxa4 Ne7 20. Nb4 d5 21.
O-O d4 22. Nc4 Nd5 23. Nc6 Qg5 24. Nxb8 Rxb8 25. cxd4 exd4 26. Qc6 Nf4 27. Qc7
Be5 28. Qxe5 {Motoman resigns} 1-0

[Event "ICS rated blitz match"]
[Site "204.178.125.65"]
[Date "2000.09.13"]
[Round "?"]
[White "Knightfreak"]
[Black "Hossa"]
[Result "1-0"]
[WhiteElo "2404"]
[BlackElo "2493"]
[PlyCount "181"]
[EventDate "2000.??.??"]

1. e4 c5 2. Nf3 e6 3. d4 cxd4 4. Nxd4 Nc6 5. Nc3 Qc7 6. Be2 a6 7. O-O Nf6 8.
Be3 Bb4 9. Na4 Bd6 10. g3 Nxe4 11. Nxc6 dxc6 12. Nb6 Rb8 13. Nc4 c5 14. Qd3 b5
15. Qxe4 bxc4 16. Bxc4 Rxb2 17. Bb3 O-O 18. Bc1 Bb7 19. Qe2 Be5 20. Bxb2 Qc6
21. f3 Bxb2 22. Rad1 Bd4+ 23. Kg2 Qc7 24. Qd3 Qe5 25. Rfe1 Qf6 26. Bc4 a5 27.
Rb1 Bc6 28. Rb6 Rc8 29. Reb1 Ba8 30. Rb8 Qd8 31. Rxc8 Qxc8 32. Qb3 Be5 33. Qb6
a4 34. Ba6 Qf8 35. Bb7 Bxb7 36. Qxb7 g5 37. Qe4 Qd6 38. Re1 Bc3 39. Re2 Qd1 40.
Qd3 Qxd3 41. cxd3 a3 42. Rc2 Bb4 43. Rc4 e5 44. f4 gxf4 45. gxf4 f6 46. Kf3 Kf7
47. fxe5 fxe5 48. Rh4 Kg6 49. Ke4 Bc3 50. Rg4+ Kf6 51. Rg8 h6 52. Ra8 Bb2 53.
Ra5 h5 54. Rxc5 Bd4 55. Rc6+ Kg5 56. Ra6 Bb2 57. Kf3 Bc1 58. Ra5 Bb2 59. d4
Bxd4 60. Rxa3 Kf5 61. Ra5 h4 62. h3 Bc3 63. Rb5 Bd2 64. a4 Bc3 65. a5 Bd4 66.
Rd5 Bg1 67. Rb5 Bd4 68. Rb7 e4+ 69. Ke2 Kf4 70. a6 Kg3 71. a7 Bxa7 72. Rxa7 Kf4
73. Kf2 Kf5 74. Ke3 Kg6 75. Ra4 Kf5 76. Rxe4 Kg5 77. Rf4 Kg6 78. Kf3 Kg5 79.
Rg4+ Kf6 80. Kf4 Ke6 81. Rxh4 Kf6 82. Rg4 Ke7 83. h4 Kf6 84. h5 Ke7 85. h6 Kf6
86. h7 Ke7 87. h8=Q Kd6 88. Qh5 Kc6 89. Rg6+ Kd7 90. Qh7+ Ke8 91. Rg8# {
Hossa checkmated} 1-0

[Event "ICS rated blitz match"]
[Site "204.178.125.65"]
[Date "2000.09.13"]
[Round "?"]
[White "Hossa"]
[Black "Knightfreak"]
[Result "1/2-1/2"]
[WhiteElo "2473"]
[BlackElo "2424"]
[PlyCount "88"]
[EventDate "2000.??.??"]

1. Nf3 Nf6 2. c4 e6 3. g3 b6 4. Bg2 Bb7 5. d4 d5 6. cxd5 exd5 7. O-O Be7 8. Nc3
O-O 9. Bf4 Nbd7 10. Nb5 c6 11. Nd6 Bxd6 12. Bxd6 Re8 13. Qc2 Ne4 14. Bf4 Ndf6
15. Ne5 Rc8 16. Rfd1 Nd7 17. Bxe4 dxe4 18. Nc4 g5 19. Be5 f6 20. Nd6 fxe5 21.
Qb3+ Kg7 22. dxe5 Nxe5 23. Nxb7 Qf6 24. Nd6 Rf8 25. Nxc8 Qxf2+ 26. Kh1 Ng4 27.
Rd7+ Kh8 28. Qc3+ Rf6 29. Qxf6+ Qxf6 30. Rc1 Qf2 31. Rd8+ Kg7 32. Rd7+ Kh8 33.
Rd8+ Kg7 34. Rd7+ Kg8 35. Rd8+ Kf7 36. Rd7+ Kg8 37. Rd8+ Kg7 38. Rd7+ Kh8 39.
Rd8+ Kg7 40. Rd7+ Kh8 41. Rd8+ Kg7 42. Rd7+ Kh8 43. Rd8+ Kg7 44. Rd7+ Kh8 {
Game drawn by repetition} 1/2-1/2

[Event "ICS rated blitz match"]
[Site "204.178.125.65"]
[Date "2000.09.13"]
[Round "?"]
[White "Krausuwe"]
[Black "Hossa"]
[Result "1-0"]
[WhiteElo "2123"]
[BlackElo "2471"]
[PlyCount "83"]
[EventDate "2000.??.??"]

1. d4 Nf6 2. c4 e6 3. g3 Bb4+ 4. Nd2 d5 5. Bg2 Nc6 6. Ngf3 dxc4 7. Qc2 b5 8.
O-O O-O 9. a4 Bb7 10. axb5 Nxd4 11. Qxc4 Bxd2 12. Nxd4 Bxg2 13. Kxg2 Bxc1 14.
Rfxc1 Re8 15. Ra6 Nd5 16. Nc6 Qg5 17. Rca1 Nb6 18. Qd3 Nc8 19. e4 Qg4 20. Nxa7
Nb6 21. Nc6 Rac8 22. h3 Qg6 23. Ra7 Qh5 24. f4 f6 25. e5 Nd5 26. exf6 Nxf6 27.
b4 Nd5 28. R1a5 Rf8 29. Qe4 Rce8 30. Kh2 g5 31. Qe5 h6 32. Nd4 Qd1 33. Ra2 gxf4
34. gxf4 Kh7 35. Rxc7+ Re7 36. Qe4+ Kh8 37. Qg6 Rb8 38. Qxh6+ Kg8 39. Rg2+ Qg4
40. Rxg4+ Kf7 41. Qxe6+ Kf8 42. Rg8# {Hossa checkmated} 1-0

[Event "ICS rated blitz match"]
[Site "204.178.125.65"]
[Date "2000.09.13"]
[Round "?"]
[White "counterplay"]
[Black "Hossa"]
[Result "0-1"]
[WhiteElo "2726"]
[BlackElo "2448"]
[PlyCount "128"]
[EventDate "2000.??.??"]

1. e4 e6 2. d4 d5 3. Nd2 c5 4. Ngf3 Nf6 5. e5 Nfd7 6. c3 cxd4 7. cxd4 Nc6 8.
Bb5 Qb6 9. Qa4 a6 10. Bxc6 bxc6 11. O-O a5 12. Re1 c5 13. Nb3 c4 14. Nbd2 Bb4
15. Qc2 Ba6 16. Re3 h6 17. a3 Be7 18. b3 cxb3 19. Rxb3 Qd8 20. Rc3 Nb6 21. Nb3
Na4 22. Rc6 Bb5 23. Bd2 Kd7 24. Rc1 Rc8 25. Rxc8 Qxc8 26. Qa2 Qa6 27. Nxa5 Rc8
28. Rxc8 Qxc8 29. Qb1 Qb8 30. Bb4 Ba6 31. Nd2 Bxb4 32. axb4 Nc3 33. Qb2 Ne2+
34. Kh1 Ke8 35. g3 Qb6 36. Nf3 Qb5 37. h3 Qd3 38. Kg2 Qc3 39. Qxc3 Nxc3 40. Nc6
Be2 41. Ng1 Bd3 42. f4 Na2 43. Nf3 Kd7 44. Na5 Nxb4 45. Nb7 Be4 46. Nd6 Nd3 47.
Nxe4 dxe4 48. Ng1 Kc6 49. Ne2 Kd5 50. Kg1 e3 51. Kf1 g6 52. Kg2 Ne1+ 53. Kf1
Nc2 54. h4 Ke4 55. Nc3+ Kd3 56. Ne2 Nxd4 57. Nxd4 Kxd4 58. Ke1 Kd3 59. g4 h5
60. gxh5 gxh5 61. Kd1 Ke4 62. Ke1 Kxf4 63. Ke2 Ke4 64. Ke1 Kxe5 {
counterplay resigns} 0-1

[Event "ICS rated blitz match"]
[Site "204.178.125.65"]
[Date "2000.09.13"]
[Round "?"]
[White "Hossa"]
[Black "counterplay"]
[Result "0-1"]
[WhiteElo "2475"]
[BlackElo "2699"]
[PlyCount "172"]
[EventDate "2000.??.??"]

1. d4 d5 2. c3 e6 3. e3 Nf6 4. f4 Be7 5. Nd2 O-O 6. Bd3 c5 7. Ne2 Ng4 8. Nf3 c4
9. Bc2 Bd7 10. Ne5 Nxe5 11. fxe5 f6 12. exf6 Rxf6 13. Nf4 g5 14. Nh3 Rf7 15.
Nf2 Nc6 16. O-O Qc7 17. e4 Raf8 18. exd5 exd5 19. Qh5 Qb6 20. Rb1 Rg7 21. Be3
Kh8 22. b3 Qa5 23. bxc4 Qxc3 24. Bd3 dxc4 25. Rfc1 Qa3 26. Rxc4 Rxf2 27. Kxf2
Qxd3 28. Rbc1 Qa3 29. R4c2 Nb4 30. Rc3 Qxa2+ 31. Kg1 Nd5 32. R3c2 Qb3 33. Bf2
Ba3 34. Rc8+ Bxc8 35. Qe8+ Bf8 36. Qxf8+ Rg8 37. Qd6 Re8 38. Qh6 Rg8 39. Qd6
Re8 40. Qh6 Qb2 41. Qxg5 Bf5 42. Rd1 Qc2 43. Rf1 Rg8 44. Qh6 Qe4 45. Bg3 Qxd4+
46. Kh1 Ne3 47. Re1 Ng4 48. Qh4 Be4 49. h3 Nf6 50. Re2 Rg6 51. Kh2 Qd3 52. Rf2
Qd4 53. Re2 b5 54. Qf4 Qc4 55. Rf2 Nd7 56. Qh4 Qe6 57. Qd8+ Rg8 58. Qc7 a6 59.
Re2 h5 60. Qf4 Re8 61. Qd2 Qc6 62. Re1 Kh7 63. Rd1 Ne5 64. Qf2 Qe6 65. Qe2 Qf5
66. Rf1 Qg6 67. Qb2 Nd3 68. Qe2 Rg8 69. Qe3 b4 70. Kg1 b3 71. Qd4 Bxg2 72. Rf6
Qxg3 73. Qd7+ Rg7 74. Qf5+ Rg6 75. Rf7+ Kh6 76. Rh7+ Kxh7 77. Qf7+ Kh6 78. Qf8+
Rg7 79. Qh8+ Kg6 80. Qe8+ Kf5 81. Qc8+ Ke4 82. Qe8+ Kd4 83. Qa4+ Ke3 84. Qd4+
Kxd4 85. h4 Qe1+ 86. Kh2 Qh1# {Hossa checkmated} 0-1

[Event "ICS rated blitz match"]
[Site "204.178.125.65"]
[Date "2000.09.13"]
[Round "?"]
[White "Vulkan"]
[Black "Hossa"]
[Result "0-1"]
[WhiteElo "2002"]
[BlackElo "2468"]
[PlyCount "100"]
[EventDate "2000.??.??"]

1. e4 e5 2. Nf3 Nc6 3. Bb5 a6 4. Ba4 Nf6 5. O-O Be7 6. Re1 b5 7. Bb3 d6 8. c3
O-O 9. h3 Bb7 10. d4 Re8 11. Nbd2 Bf8 12. a3 h6 13. Bc2 Nb8 14. b4 Nbd7 15. Bb2
g6 16. Qb1 Bg7 17. Nb3 Rb8 18. Na5 Ba8 19. d5 Nb6 20. Qa2 Qd7 21. a4 Nfxd5 22.
exd5 Bxd5 23. Qb1 Bxf3 24. gxf3 Qxh3 25. Qd1 bxa4 26. Qe2 e4 27. fxe4 Re5 28.
f4 Qg3+ 29. Qg2 Qxg2+ 30. Kxg2 Rxa5 31. bxa5 Nc4 32. Bc1 Bxc3 33. Rxa4 Bxe1 34.
Rxc4 Bxa5 35. f5 gxf5 36. exf5 h5 37. f6 Re8 38. Kf3 Re1 39. Bg5 Rg1 40. Bf4 d5
41. Rc6 Rf1+ 42. Kg3 Be1+ 43. Kg2 Rxf4 44. Rxc7 Rxf6 45. Rd7 Rf2+ 46. Kg1 Rxc2
47. Rxd5 h4 48. Re5 Bg3 49. Ra5 h3 50. Rxa6 Rc1# {Vulkan checkmated} 0-1

[Event "ICS rated standard match"]
[Site "204.178.125.65"]
[Date "2000.09.13"]
[Round "?"]
[White "Hossa"]
[Black "Chaos23"]
[Result "1-0"]
[WhiteElo "2342"]
[BlackElo "2164"]
[PlyCount "25"]
[EventDate "2000.??.??"]

1. d4 Nf6 2. c4 g6 3. Nc3 c5 4. dxc5 Na6 5. Be3 Bg7 6. Bd4 O-O 7. a3 Qc7 8. b4
e5 9. Nb5 Qb8 10. Bb2 b6 11. cxb6 axb6 12. Nf3 e4 13. Be5 {Chaos23 resigns} 1-0

[Event "ICS rated standard match"]
[Site "204.178.125.65"]
[Date "2000.09.13"]
[Round "?"]
[White "Hossa"]
[Black "MM3Quick"]
[Result "1-0"]
[WhiteElo "2362"]
[BlackElo "2199"]
[PlyCount "42"]
[EventDate "2000.??.??"]

1. d4 c6 2. e3 d6 3. Nf3 Qc7 4. e4 e5 5. Bd3 Bg4 6. dxe5 dxe5 7. h3 Bh5 8. g4
Bg6 9. Nh4 Bc5 10. Nxg6 hxg6 11. Qf3 Nf6 12. Nc3 Nbd7 13. Bd2 O-O-O 14. Na4 Kb8
15. O-O-O Rhf8 16. Kb1 Bd6 17. h4 Nc5 18. Nxc5 Bxc5 19. Rhf1 Rd7 20. Be2 Rfd8
21. Bg5 Rd2 {MM3Quick resigns} 1-0

[Event "ICS rated blitz match"]
[Site "204.178.125.65"]
[Date "2000.09.13"]
[Round "?"]
[White "Hossa"]
[Black "rmdg567"]
[Result "1-0"]
[WhiteElo "2470"]
[BlackElo "1972"]
[PlyCount "99"]
[EventDate "2000.??.??"]

1. d4 Nf6 2. c4 g6 3. Nc3 Bg7 4. Nf3 d6 5. e4 O-O 6. e5 Ne8 7. Bf4 Nc6 8. c5
dxc5 9. dxc5 Qxd1+ 10. Rxd1 Bg4 11. Be2 Bxf3 12. Bxf3 Nxe5 13. Bxb7 Rb8 14. c6
Nd6 15. Nd5 Nxb7 16. cxb7 Rxb7 17. Nxe7+ Kh8 18. Bxe5 Bxe5 19. b3 Bd6 20. Nd5
Re8+ 21. Ne3 f5 22. Kd2 Bf4 23. Rhe1 c6 24. g3 Rd7+ 25. Ke2 Rxd1 26. Rxd1 Bxe3
27. fxe3 Re7 28. Rd8+ Kg7 29. Rc8 g5 30. Rxc6 f4 31. gxf4 gxf4 32. e4 Rxe4+ 33.
Kf3 Re7 34. Kxf4 Rf7+ 35. Ke5 Rf2 36. Rc7+ Kg6 37. Rxa7 Rxh2 38. a4 Re2+ 39.
Kd4 h5 40. b4 h4 41. Ra6+ Kg5 42. Ra5+ Kg4 43. Ra8 Rb2 44. Kc3 Rf2 45. Rg8+ Kh5
46. b5 h3 47. b6 Rf6 48. b7 h2 49. b8=Q h1=Q 50. Qe5+ {rmdg567 resigns} 1-0